Better healthcare through Tele Health (Record no. 7341)
[ view plain ]
| 000 -LEADER | |
|---|---|
| fixed length control field | 00372 a2200133 4500 |
| 040 ## - CATALOGING SOURCE | |
| Original cataloging agency | DLC |
| Language of cataloging | DLC |
| 082 ## - DEWEY DECIMAL CLASSIFICATION NUMBER | |
| Classification number | 362.1 |
| 100 ## - MAIN ENTRY--PERSONAL NAME | |
| Personal name | Hameed A. Khan |
| 245 ## - TITLE STATEMENT | |
| Title | Better healthcare through Tele Health |
| Statement of responsibility, etc. | Hameed A. Khan |
| 260 ## - PUBLICATION, DISTRIBUTION, ETC. | |
| Place of publication, distribution, etc. | Islamabad: |
| Name of publisher, distributor, etc. | COMSATS Headquarters, |
| Date of publication, distribution, etc. | 2008. |
| 300 ## - PHYSICAL DESCRIPTION | |
| Extent | vi, 110 p. : |
| Other physical details | ill. ; |
| Dimensions | 24 cm. |
| 500 ## - GENERAL NOTE | |
| General note | Includes Index |
| 942 ## - ADDED ENTRY ELEMENTS (KOHA) | |
| Koha item type | Book |
| Call number prefix | 362.1 HAM |
| Source of classification or shelving scheme | |
| Withdrawn status | Lost status | Damaged status | Not for loan | Collection code | Permanent Location | Current Location | Shelving location | Date acquired | Source of acquisition | Total Checkouts | Full call number | Barcode | Date last seen | Price effective from | Koha item type | Source of classification or shelving scheme | Date last checked out |
|---|---|---|---|---|---|---|---|---|---|---|---|---|---|---|---|---|---|
| Central Library (CL) | Central Library (CL) | General Stacks | 03/26/2008 | Donation | 362.1 HAM | SEECS008938 | 11/14/2012 | 01/05/2017 | Book | ||||||||
| Central Library (CL) | Central Library (CL) | 12/12/2019 | Donation | 1 | 362.1 HAM | CL-D-808 | 12/12/2019 | 12/12/2019 | Book | 12/12/2019 |
